MDQL
is popping MORE tags! Check the
thread
!
Quizzes
Events
Quiz Creation
Community
Videos
Private Events
Remove Ads
Sign In
Join for FREE
Feedback
Dark Mode
Quiz Categories
Sports
Geography
Music
Movies
Television
Just For Fun
Miscellaneous
History
Literature
Language
Science
Gaming
Entertainment
Religion
Holiday
For Kids
Quiz Lab
Recent
Popular Today
Quiz Kudos Today
Editor Picks
Curator Picks
Quizzes by...
Day
Popularity
Type
Ratings
Length
Year
Community
Subscriptions
Recent Discussions
Orange Saloon
Badges
Playlists
Quests
Create
Leaderboards
Showdown
Live 5
Trivia Bingo
Activity
Puzzle Library
Sporcle Events
Private Events
Virtual Trivia
Globe League
Become a Host
Pub Owners
SporcleCon
Opinionation
Our Games
Videos
Blog
Mobile Apps
Partnerships
Remove Ads and Go Orange
Feedback
Holiday
Halloween
Christmas
Holiday Songs
April Fools'
Thanksgiving
Valentine's Day
Easter
St Patrick's Day
National Holiday
Religious Holiday
Holiday
Halloween
Christmas
Holiday Songs
April Fools'
Thanksgiving
Valentine's Day
Easter
St Patrick's Day
National Holiday
Religious Holiday
Random Quiz
Search Sporcle
×
Quiz Lab
Quiz Lab
Holiday
Christmas
Type in answers that appear in a list
Type in answers that appear in a list
Classic
Best Score? Go Orange.
Christmas Carols in Other Words Stats
Can you name the Christmas Carols in Other Words?
By
wussuphere2
4m
15 Questions
528 Plays
528 Plays
528 Plays
Comments
Comments
Give Quiz Kudos
Give Quiz Kudos
-
- Ratings
hide this ad
Forced Order
Answers have to be entered in order
Answers have to be entered in order
Random Order
Randomize order of answers
Randomize order of answers
Replay
Link that replays current quiz
Next Quiz
Link to next quiz in quiz playlist
You Got
0%
They Got
Avg Score
65%
Avg Friend Score
Upgrade to see
Score Distribution
Jump to the score distribution portion of the page
Score
0/15
Timer
04:00
0
Plays Today
Carol in Other Words
Carol Real Name
% Correct
The Diminutive Male Percussionist
Little Drummer Boy
80.9%
Icy the Figure Made of Winter Precipitation
Frosty the Snowman
79.9%
I Witnessed Mother Smooching with St. Nick
I Saw Mommy Kissing Santa Claus
78.4%
We Hope You Have a Happy Holiday
We Wish You a Merry Christmas
76.9%
Kris Kringle is Going to Visit the Village
Santa Claus Is Coming to Town
76.7%
O Blessed Evening
O Holy Night
75%
Which Infant was that?
What Child is this
71.2%
I Shall Return to the House by December 25th
I'll be Home for Christmas
69.9%
Carol in Other Words
Carol Real Name
% Correct
Overhead on the Roof
Up on the housetop
66.7%
Seraphim and Cherubim Audible from Above
Angels We Have Heard on High
60.4%
It Happened in the Middle of a Starry Night
It came upon the midnight clear
58%
Dancing in the Vicinity of the Decorated Conifer
Rocking Around the Christmas Tree
57.6%
The Premier ABCDEFGHIJKMNOPQRSTUVWXYZ
The First Noel
54.2%
Argentum and Aurum
Silver and Gold
38.8%
Arrive, Arrive Jesus
O Come O Come Emmanuel
31.1%
Quiz Playlist
Details
Report
Send in Message
Add To Playlist
Classic:
Type in answers that appear in a list
Forced Order:
Answers have to be entered in order
Random Order:
Randomize order of answers
Quiz Source
Last Updated: Feb 16, 2017
Quiz Scoreboard
CHALLENGE
Sign Up to Join the Scoreboard
Show All
Scores
Hide
Comments
May contain spoilers
Recently Published
Colored Red Africa Blitz
by spor1
Geography
30s
Find the 'City' Movie
by crazypaving
Movies
60s
5x2 Blitz: Bands
by SL_Kpop136
Music
30s
More to Explore
Quiz From the Vault
Featured Blog Post
14 Easter Pick-up Lines to Find Eggs With
hide this ad
You Might Also Like...
Tags
Christmas Quiz
Religious Holiday Quiz
Carol
In Other Words
Today's Top Quizzes in Holiday
Browse Holiday
hide this ad
Today's Top Quizzes in Christmas
Browse Christmas
Top Contributed Quizzes in Holiday
1
Holidays Spelling Bee
2
A Christmas Story Kids Picture Click
3
Federal Holiday Minefield (US)
4
Holiday Letter 'B' (Clickable)
5
5-to-1: Thanksgiving
6
5-to-1: Holiday Songs
7
Easter - Did You Know?
8
Pick the Easter Eggs hidden in the Garden
9
Purim Crossword
10
Initially Yours: Holiday
Explore More
Trending Topics
Harry Potter
NBA
Anime
Crossword
Kpop
Marvel
Disney
The Office
Puzzle
Soccer
Pokémon
Country
WWE
Song
NFL
hide this ad
More By:
wussuphere2
Quiz
Plays
Rating
Category
Featured
Created
Christmas Carols in Other Words
528
4.60
Holiday
Dec 10, 2010
Hello in 20 Different Languages
192
4.00
Language
Jun 6, 2010
Go to Creator's Profile
Score Distribution
Quiz Creator Spotlight
wussuphere2
Follow
Send a Message
Quizzes Created
-
Created Quiz Play Count
-
More By This Creator
Popular Quizzes Today
1
5x2 Blitz: Bands
2
Find the 'City' Movie
3
Find the US States - No Outlines Minefield
4
Colored Red Africa Blitz
5
The Countries of the World
6
Find the US States
7
9x9 Crossword: Cartoon Network
8
Risky Map Clicking: Biggest States A-Z
More Holiday Quizzes
Valentine's Day Words in Famous Quotes
Curator's Pick
Trending Quizzes
Colored Red Africa Blitz II
Colored Red Europe Blitz I
Find the 'Dark' Movie
Find the 'Day' Movie
Find the 'Good' Movie
Recently Updated
Champions League XIs: Real Madrid
pecheneg
Largest US Cities 1790-2010
pecheneg
Rides in Walt Disney World
pecheneg
Most Oscar Losses (Acting)
pecheneg
Beyoncé Albums
pecheneg
Leaping Animals
pecheneg
Reality TV Shows (A-Z)
bhenderson79
Rickey Henderson's Hall of Fame Teammates
pecheneg
Champions League XIs: Arsenal
pecheneg
Quick Pick: Celebrities in WWE's Hall of Fame
aduchscher
Trending Topics
Harry Potter
Marvel
Kpop
Disney
NBA
Crossword
Anime
Country
The Office
Soccer
Pokémon
Puzzle
WWE
Song
NFL
Your Account Isn't Verified!
In order to create a playlist on Sporcle, you need to verify the email address you used during registration. Go to your
Sporcle Settings
to finish the process.
Report this User
Report this user for behavior that violates our
Community Guidelines
.
Details:
Send Report
Go to the Sporcle.com Mobile Site →
Comments